Normal view
MARC view
- Chiesa, Francesco
Entry Personal Name
001 - CONTROL NUMBER
- control field: 351
003 - CONTROL NUMBER IDENTIFIER
- control field: IT-RoPau
005 - DATE AND TIME OF LATEST TRANSACTION
- control field: 20130204114645.0
008 - FIXED-LENGTH DATA ELEMENTS
- fixed length control field: 130204|| aca||aabn | a|a d
040 ## - CATALOGING SOURCE
- Original cataloging agency: IT-RoPau
- Transcribing agency: IT-RoPau
100 ## - HEADING--PERSONAL NAME
- Personal name: Chiesa, Francesco
670 ## - SOURCE DATA FOUND
- Source citation: Work cat.: (IT-RoPau): Chiesa, Francesco, "Pensarci su", 1939